Geografia - wiedza ogólna #5 - Statystyki

Ogólne statystyki
  • Ten quiz został rozwiązany 63 razy
  • Średni wynik to 11 z 20
Statystyki odpowiedzi
Pytanie Odpowiedź % Poprawnych
Jaka jest najbardziej wyznawana religia w Indiach? Hinduizm
98%
Jaki budynek jest siedzibą amerykańskich sił zbrojnych? Pentagon
80%
Jak nazywa się miasto, w którym uchodzi Wisła do Morza Bałtyckiego? Gdańsk
78%
Każdego roku w hiszpańskim miasteczku Buñol odbywa się bitwa na jedzenie. Jakim jedzeniem się tam rzuca? Pomidorami
78%
Jak nazywa się województwo, w którym uchodzi rzeka Bug do Narwi? mazowieckie
72%
Jak nazywa się budynek, który jest oficjalną rezydencją prezydenta Rosji? Kreml
66%
Jak nazywa się państwo, w którym leży góra Kilimandżaro? Tanzania
66%
Gdybyś popłynął na północ przez Cieśninę Beringa, na jakim akwenie znalazłbyś się? Na Oceanie Arktycznym
64%
Jakie miasto jest uważane za ekonomiczną stolicę Izraela? Tel Awiw-Jafa
62%
Jak nazywa się największa i najbardziej zaludniona wyspa Japonii? Honsiu
56%
Jaka rzeka przepływa przez Wielki Kanion w Stanach Zjednoczonych? Kolorado
56%
Jak nazywa się najwyższa góra w Alpach? Mont Blanc
48%
Jaką nazwę nosiło wietnamskie miasto Ho Chi Minh, aż do 1976 r? Sajgon
48%
Które morze Oceanu Spokojnego graniczy z 10 różnymi krajami, przy czym Chiny roszczą sobie prawo do prawie całego tego obszaru? Morze {Południowochińskie}
40%
Jak nazywa się półwysep, który znajduje się w północno-zachodniej części Francji? Półwysep {Bretoński}
38%
Jak nazywa się region historyczny, który znajduje się w północno-wschodniej części dzisiejszych Chin? Mandżuria
36%
Jak nazywa się najstarszy uniwersytet w Wielkiej Brytanii? Uniwersytet Oksfordzki
32%
Jak nazywa się wyspa, którego największym miastem jest Hobart? Tasmania
28%
Jakie miasto znane jest jako "Miasto Światła"? Paryż
24%
Jak nazywa się najmniejsza prowincja Kanady pod względem ludności, jak i powierzchni? Wyspa Księcia Edwarda
12%
Nie znaleziono quizów pasujących do podanych kryteriów
Rozkład punktacji
Procent ludzi z każdym wynikiem
Percentyl według liczby udzielonych odpowiedzi
Twoja historia wyników
Nie rozwiązałeś tego quizu